[Event "AUS-ch"]
[Site "Sydney"]
[Date "2020.01.02"]
[Round "1"]
[White "Zhang, Jilin"]
[Black "Parle, Hughston"]
[Result "1-0"]
[WhiteElo "2237"]
[BlackElo "2057"]
[PlyCount "53"]
[EventDate "2020.01.02"]
[EventType "swiss"]
[EventRounds "11"]
[EventCountry "AUS"]
[SourceTitle "CBM 194 Extra"]
[Source "ChessBase"]
[SourceDate "2020.03.31"]
[SourceVersion "1"]
[SourceVersionDate "2020.03.31"]
[SourceQuality "1"]

1. e4 c5 2. Nf3 d6 3. d4 cxd4 4. Nxd4 Nf6 5. Nc3 a6 6. Be2 e5 7. Nb3 Be7 8. 0-0 0-0 9. Be3 Be6 10. Qd2 Nbd7 11. a4 Rc8 12. Rfd1 Qc7 13. a5 Rfd8 14. Qe1 Qc6 15. Bf3 Nf8 16. Nc1 Ng6 17. g3 d5 18. exd5 Nxd5 19. Bb6 Rd6 20. Nd3 Qe8 21. Nxd5 Bxd5 22. Bg4 Rc4 23. Nb4 Re4 24. Qc3 Rxg4 25. Nxd5 Nf4 26. Nxe7+ Kf8 27. Qc8 1-0

[Event "Doeberl Cup 56th"]
[Site "Canberra"]
[Date "2018.03.30"]
[Round "4"]
[White "Parle, Hughston"]
[Black "Huang, Jimmy Ching Chih"]
[Result "1-0"]
[WhiteElo "2033"]
[BlackElo "1890"]
[PlyCount "65"]
[EventDate "2018.03.29"]
[EventType "swiss"]
[EventRounds "9"]
[EventCountry "AUS"]
[SourceTitle "CBM 187 Extra"]
[Source "ChessBase"]
[SourceDate "2018.11.04"]
[SourceVersion "1"]
[SourceVersionDate "2018.11.04"]
[SourceQuality "1"]

1. e4 e6 2. d3 c5 3. Nf3 Nc6 4. g3 Nf6 5. Bg2 Be7 6. 0-0 0-0 7. Nbd2 d5 8. e5 Ne8 9. Re1 b5 10. h4 b4 11. Nf1 a5 12. N1h2 a4 13. Ng5 Nd4 14. c3 bxc3 15. bxc3 Nf5 16. Ng4 Bb7 17. Rb1 Bc6 18. c4 Qd7 19. Ne3 Nxe3 20. Bxe3 d4 21. Bd2 Bxg2 22. Kxg2 Qc6+ 23. Qf3 Qxf3+ 24. Kxf3 Nc7 25. Rb7 Bxg5 26. hxg5 Na6 27. Reb1 Rfb8 28. a3 g6 29. Rxb8+ Rxb8 30. Rb5 Rxb5 31. cxb5 Nb8 32. Ba5 Kf8 33. Bc7 1-0

[Event "Doeberl Cup 56th"]
[Site "Canberra"]
[Date "2018.03.29"]
[Round "1"]
[White "Ikeda, Junta"]
[Black "Parle, Hughston"]
[Result "1-0"]
[WhiteElo "2415"]
[BlackElo "2033"]
[PlyCount "87"]
[EventDate "2018.03.29"]
[EventType "swiss"]
[EventRounds "9"]
[EventCountry "AUS"]
[SourceTitle "CBM 187 Extra"]
[Source "ChessBase"]
[SourceDate "2018.11.04"]
[SourceVersion "1"]
[SourceVersionDate "2018.11.04"]
[SourceQuality "1"]

1. d4 Nf6 2. c4 g6 3. Nf3 Bg7 4. g3 0-0 5. Bg2 d6 6. Nc3 a6 7. 0-0 Nc6 8. Bf4 Rb8 9. Rc1 Bd7 10. c5 Nh5 11. Be3 dxc5 12. d5 Nd4 13. Nxd4 cxd4 14. Bxd4 e5 15. Ba7 Rc8 16. d6 cxd6 17. Bxb7 Ra8 18. Bxa8 Qxa8 19. Be3 Bh3 20. Qd5 Bxf1 21. Qxa8 Rxa8 22. Kxf1 Nf6 23. Rd1 Ng4 24. Bb6 Nxh2+ 25. Kg2 Ng4 26. f3 Nh6 27. e4 f5 28. Rxd6 Nf7 29. Rc6 Ng5 30. Be3 Nf7 31. Nd5 fxe4 32. fxe4 Bf8 33. Rc7 Bd6 34. Rd7 h5 35. Nb6 Rd8 36. Ra7 Bb4 37. Nd5 a5 38. a3 Be1 39. b4 axb4 40. axb4 h4 41. g4 Kg7 42. b5 h3+ 43. Kxh3 Rh8+ 44. Kg2 1-0

[Event "AUS-ch"]
[Site "Cammeray"]
[Date "2018.01.12"]
[Round "11"]
[White "Parle, Hughston"]
[Black "Kethro, Michael"]
[Result "0-1"]
[WhiteElo "1961"]
[BlackElo "2195"]
[PlyCount "72"]
[EventDate "2018.01.02"]
[EventType "swiss"]
[EventRounds "11"]
[EventCountry "AUS"]
[SourceTitle "CBM 182 Extra"]
[Source "ChessBase"]
[SourceDate "2018.02.23"]
[SourceVersion "1"]
[SourceVersionDate "2018.02.23"]
[SourceQuality "1"]

1. e4 c5 2. Nf3 e6 3. d3 Nc6 4. g3 d5 5. Nbd2 Bd6 6. Bg2 Nge7 7. 0-0 0-0 8. Re1 f6 9. h4 d4 10. Nf1 e5 11. N1h2 Be6 12. h5 c4 13. Nh4 Rc8 14. f4 cxd3 15. cxd3 exf4 16. gxf4 Qc7 17. Ng4 Bxf4 18. Rf1 Bxc1 19. Rxc1 Qg3 20. Nf5 Nxf5 21. exf5 Bd5 22. Rf2 Nb4 23. Rxc8 Rxc8 24. Kh1 Qh3+ 25. Kg1 Qg3 26. Kh1 Bxg2+ 27. Rxg2 Qh3+ 28. Rh2 Qxd3 29. Qe1 Kh8 30. h6 gxh6 31. Rg2 Qh3+ 32. Nh2 Nd3 33. Qg1 Qe3 34. Ng4 Qxg1+ 35. Kxg1 Nf4 36. Rd2 Rg8 0-1

[Event "AUS-ch"]
[Site "Cammeray"]
[Date "2018.01.03"]
[Round "2"]
[White "Lane, Gary William"]
[Black "Parle, Hughston"]
[Result "1-0"]
[WhiteElo "2401"]
[BlackElo "1961"]
[PlyCount "69"]
[EventDate "2018.01.02"]
[EventType "swiss"]
[EventRounds "11"]
[EventCountry "AUS"]
[SourceTitle "CBM 182 Extra"]
[Source "ChessBase"]
[SourceDate "2018.02.23"]
[SourceVersion "1"]
[SourceVersionDate "2018.02.23"]
[SourceQuality "1"]

1. e4 c5 2. Nf3 d6 3. d4 cxd4 4. Qxd4 Nc6 5. Bb5 Bd7 6. Bxc6 Bxc6 7. Nc3 Nf6 8. Bg5 e6 9. 0-0-0 Be7 10. Qd3 Qa5 11. Bd2 Ng4 12. Be1 Qb6 13. Nd4 Ne5 14. Qe2 Bg5+ 15. Kb1 a6 16. g3 Bf6 17. f4 Nd7 18. Bf2 Nc5 19. Rhe1 0-0-0 20. e5 dxe5 21. Nb3 exf4 22. Nxc5 f3 23. Qc4 Qc7 24. Nd3 b5 25. Qc5 Rd6 26. Nb4 Rhd8 27. Rxd6 Rxd6 28. Nxa6 Qd7 29. a3 Kd8 30. Qb6+ Ke8 31. Nc7+ Kf8 32. Bc5 f2 33. Rf1 Bd8 34. N3xb5 Bxc7 35. Qxc7 1-0

[Event "AUS-ch"]
[Site "Cammeray"]
[Date "2018.01.02"]
[Round "1"]
[White "Parle, Hughston"]
[Black "Zhang, Jilin"]
[Result "1/2-1/2"]
[WhiteElo "1961"]
[BlackElo "2267"]
[PlyCount "99"]
[EventDate "2018.01.02"]
[EventType "swiss"]
[EventRounds "11"]
[EventCountry "AUS"]
[SourceTitle "CBM 182 Extra"]
[Source "ChessBase"]
[SourceDate "2018.02.23"]
[SourceVersion "1"]
[SourceVersionDate "2018.02.23"]
[SourceQuality "1"]

1. e4 c5 2. Nf3 d6 3. d4 cxd4 4. Nxd4 Nf6 5. Nc3 a6 6. Bg5 e6 7. f4 h6 8. Bh4 Qb6 9. Qd2 Nc6 10. 0-0-0 Qxd4 11. Qxd4 Nxd4 12. Rxd4 Nd7 13. Bf2 g5 14. g3 b5 15. a4 bxa4 16. Bc4 Bb7 17. Rhd1 Nc5 18. f5 e5 19. Rd5 Rc8 20. Bxc5 Bxd5 21. Bxd5 Rxc5 22. Nxa4 Rc7 23. Nb6 Be7 24. Bb3 g4 25. Kb1 0-0 26. f6 Bxf6 27. Nd5 Bd8 28. Nxc7 Bxc7 29. Rd3 Kg7 30. Bc4 a5 31. Rb3 Rb8 32. Rxb8 Bxb8 33. Kc1 Kg6 34. Kd2 f5 35. Be6 fxe4 36. Bxg4 d5 37. Be6 d4 38. Bd7 e3+ 39. Ke2 e4 40. Bc6 Kf5 41. Bd7+ Ke5 42. h4 Kf6 43. g4 Bg3 44. g5+ hxg5 45. hxg5+ Kxg5 46. b3 Kf4 47. Bb5 Bh4 48. Ba6 Ke5 49. Bb7 Bg5 50. Bc6 1/2-1/2

[Event "World ol U16"]
[Site "Ahmedabad"]
[Date "2017.12.17"]
[Round "8.1"]
[White "Parle, Hughston"]
[Black "Mazibuko, Khanya"]
[Result "0-1"]
[WhiteElo "2029"]
[BlackElo "1836"]
[PlyCount "128"]
[EventDate "2017.12.11"]
[EventType "team-swiss"]
[EventRounds "9"]
[EventCountry "IND"]
[SourceTitle "CBM 182 Extra"]
[Source "ChessBase"]
[SourceDate "2018.02.23"]
[SourceVersion "1"]
[SourceVersionDate "2018.02.23"]
[SourceQuality "1"]
[WhiteTeam "Australia"]
[BlackTeam "South Africa"]
[WhiteTeamCountry "AUS"]
[BlackTeamCountry "RSA"]

1. e4 e5 2. Nf3 Nc6 3. c3 d5 4. d3 dxe4 5. dxe4 Qxd1+ 6. Kxd1 Nf6 7. Bd3 Bc5 8. Ke2 Bg4 9. Rd1 0-0-0 10. a4 a5 11. Be3 Bxe3 12. Kxe3 Nxe4 13. Kxe4 f5+ 14. Ke3 e4 15. Be2 exf3 16. Rxd8+ Rxd8 17. gxf3 Bh5 18. Na3 Re8+ 19. Kd2 Ne5 20. Re1 Bxf3 21. Bd3 g6 22. Nb5 Bd5 23. Kc2 Bf7 24. Re3 Nxd3 25. Kxd3 Rxe3+ 26. Kxe3 Bb3 27. Nd4 Bxa4 28. Ne6 Bb3 29. Ng5 Bg8 30. f4 Kd7 31. Nf3 Kc6 32. Kd4 b5 33. Ne5+ Kd6 34. Nd3 Bc4 35. Nc5 Bd5 36. h4 Be4 37. Nb3 Bc2 38. Nc5 Be4 39. Nb3 Bf3 40. Nc5 Bd5 41. Nd3 a4 42. Nc5 h6 43. Nd3 Bf7 44. Nc5 Be8 45. Nb7+ Ke6 46. Nc5+ Kf6 47. Na6 c6 48. Nc5 g5 49. hxg5+ hxg5 50. fxg5+ Kxg5 51. Ke3 Bf7 52. Nd3 Bc4 53. Nf4 Bf1 54. Ne6+ Kf6 55. Nf4 c5 56. Nd5+ Ke5 57. Ne7 Ke6 58. Nc8 Bg2 59. Na7 b4 60. cxb4 cxb4 61. Nb5 Ke5 62. Ke2 Bc6 63. Nc7 a3 64. bxa3 bxa3 0-1

[Event "World ol U16"]
[Site "Ahmedabad"]
[Date "2017.12.16"]
[Round "6.1"]
[White "Mohammad Fahad, Rahman"]
[Black "Parle, Hughston"]
[Result "1-0"]
[WhiteElo "2234"]
[BlackElo "2029"]
[PlyCount "43"]
[EventDate "2017.12.11"]
[EventType "team-swiss"]
[EventRounds "9"]
[EventCountry "IND"]
[SourceTitle "CBM 182 Extra"]
[Source "ChessBase"]
[SourceDate "2018.02.23"]
[SourceVersion "1"]
[SourceVersionDate "2018.02.23"]
[SourceQuality "1"]
[WhiteTeam "Bangladesh"]
[BlackTeam "Australia"]
[WhiteTeamCountry "BAN"]
[BlackTeamCountry "AUS"]

1. e4 c5 2. Nf3 d6 3. d4 cxd4 4. Nxd4 Nf6 5. Nc3 a6 6. Be3 e5 7. Nb3 Be7 8. f3 Be6 9. Qd2 0-0 10. 0-0-0 Nbd7 11. g4 b5 12. Rg1 b4 13. Nd5 Bxd5 14. exd5 a5 15. g5 a4 16. gxf6 axb3 17. Rxg7+ Kh8 18. Rxh7+ Kxh7 19. Bd3+ Kh8 20. Bb6 Nxf6 21. Qh6+ Kg8 22. Rg1+ 1-0

[Event "World ol U16"]
[Site "Ahmedabad"]
[Date "2017.12.16"]
[Round "7.1"]
[White "Vasco Mateus, Felizardo Viagei"]
[Black "Parle, Hughston"]
[Result "0-1"]
[WhiteElo "1552"]
[BlackElo "2029"]
[PlyCount "118"]
[EventDate "2017.12.11"]
[EventType "team-swiss"]
[EventRounds "9"]
[EventCountry "IND"]
[SourceTitle "CBM 182 Extra"]
[Source "ChessBase"]
[SourceDate "2018.02.23"]
[SourceVersion "1"]
[SourceVersionDate "2018.02.23"]
[SourceQuality "1"]
[WhiteTeam "Mozambique"]
[BlackTeam "Australia"]
[WhiteTeamCountry "MOZ"]
[BlackTeamCountry "AUS"]

1. e4 c5 2. Nf3 d6 3. d4 cxd4 4. Nxd4 Nf6 5. Nc3 a6 6. Be3 e5 7. Nb3 Be6 8. Qd2 Be7 9. 0-0-0 Ng4 10. Kb1 0-0 11. f3 Nxe3 12. Qxe3 Nd7 13. Be2 Qc7 14. h4 Rfc8 15. g4 b5 16. Bd3 b4 17. Nd5 Bxd5 18. exd5 a5 19. Nc1 Nc5 20. Nb3 Nxd3 21. Qxd3 a4 22. Nd2 Ra5 23. Ne4 b3 24. Rc1 bxc2+ 25. Qxc2 Qxc2+ 26. Rxc2 Rxc2 27. Kxc2 Rxd5 28. Rd1 Rxd1 29. Kxd1 Bxh4 30. Nxd6 Be7 31. Nc4 f6 32. Nb6 a3 33. bxa3 Bxa3 34. Nc4 Bc5 35. Kc2 Kf7 36. Kd3 Ke6 37. Nd2 g6 38. Ne4 Ba7 39. Ke2 h6 40. Kf1 Bb6 41. Kg2 Bd8 42. Kg3 Kd5 43. Nc3+ Kc4 44. Ne4 Kd4 45. Kg2 Be7 46. Kg3 f5 47. gxf5 gxf5 48. Nd2 h5 49. Kg2 Bb4 50. Nf1 Be1 51. a4 f4 52. Kh1 Kc5 53. Kg1 Kb4 54. Nh2 Kxa4 55. Kf1 Bg3 56. Kg2 Bxh2 57. Kxh2 Kb3 58. Kh3 Kc3 59. Kh4 Kd4 0-1

[Event "World ol U16"]
[Site "Ahmedabad"]
[Date "2017.12.14"]
[Round "5.1"]
[White "Parle, Hughston"]
[Black "Hakobyan, Aram"]
[Result "0-1"]
[WhiteElo "2029"]
[BlackElo "2465"]
[PlyCount "76"]
[EventDate "2017.12.11"]
[EventType "team-swiss"]
[EventRounds "9"]
[EventCountry "IND"]
[SourceTitle "CBM 182 Extra"]
[Source "ChessBase"]
[SourceDate "2018.02.23"]
[SourceVersion "1"]
[SourceVersionDate "2018.02.23"]
[SourceQuality "1"]
[WhiteTeam "Australia"]
[BlackTeam "Armenia"]
[WhiteTeamCountry "AUS"]
[BlackTeamCountry "ARM"]

1. e4 c6 2. d3 d5 3. Nd2 e5 4. Ngf3 Bd6 5. g3 Ne7 6. Bg2 0-0 7. 0-0 Bg4 8. h3 Bh5 9. Re1 Nd7 10. c3 Re8 11. b4 Qc7 12. Bb2 Rad8 13. Qb3 a5 14. a3 b5 15. Rac1 Qb8 16. Nh2 Bg6 17. Nhf1 c5 18. Ne3 d4 19. Nc2 cxb4 20. cxd4 a4 21. Qa2 b3 22. Nxb3 axb3 23. Qxb3 exd4 24. Nxd4 Nc5 25. Qd1 Na4 26. Ba1 Bc5 27. Nc2 Qxg3 28. d4 Qf4 29. Qe2 Bd6 30. Qxb5 Qh2+ 31. Kf1 Bf4 32. Ne3 Bxe3 33. Rxe3 Ra8 34. Rg3 h5 35. d5 h4 36. Be5 Nxd5 37. Qxd5 hxg3 38. Bxg3 Qxg2+ 0-1

[Event "World ol U16"]
[Site "Ahmedabad"]
[Date "2017.12.12"]
[Round "3.1"]
[White "Hua, Eugene"]
[Black "Parle, Hughston"]
[Result "1-0"]
[WhiteElo "2260"]
[BlackElo "2029"]
[PlyCount "133"]
[EventDate "2017.12.11"]
[EventType "team-swiss"]
[EventRounds "9"]
[EventCountry "IND"]
[SourceTitle "CBM 182 Extra"]
[Source "ChessBase"]
[SourceDate "2018.02.23"]
[SourceVersion "1"]
[SourceVersionDate "2018.02.23"]
[SourceQuality "1"]
[WhiteTeam "Canada"]
[BlackTeam "Australia"]
[WhiteTeamCountry "CAN"]
[BlackTeamCountry "AUS"]

1. c4 Nf6 2. g3 g6 3. Bg2 Bg7 4. Nc3 0-0 5. e4 d6 6. Nge2 e5 7. 0-0 Nbd7 8. d3 c6 9. h3 a5 10. a3 Nc5 11. Be3 Nfd7 12. b4 Ne6 13. Rb1 f5 14. f4 Nd4 15. Bf2 Ne6 16. exf5 Rxf5 17. Be3 Ndf8 18. d4 exf4 19. Nxf4 Nxf4 20. Rxf4 Rxf4 21. Bxf4 Ne6 22. Be3 axb4 23. axb4 Ra3 24. Qd2 Kh8 25. Kh2 c5 26. Nb5 Rxe3 27. Qxe3 cxd4 28. Qd3 Be5 29. Ra1 Kg7 30. Ra8 Nc7 31. Nxc7 Qxc7 32. Bd5 h5 33. Kg1 Bf5 34. Qd2 Kh7 35. g4 hxg4 36. hxg4 Bc8 37. Qg5 Qd7 38. Qh4+ Kg7 39. g5 Qg4+ 40. Qxg4 Bxg4 41. Kf2 Bf4 42. Bf3 Bf5 43. Rb8 Bxg5 44. Rxb7+ Kf6 45. b5 d3 46. b6 Bf4 47. Ra7 d2 48. b7 d5 49. cxd5 Bc2 50. Ra6+ Kg5 51. d6 Be4 52. b8Q Bxf3 53. Ra5+ Kh4 54. Qh8+ Kg4 55. Ra1 Bg3+ 56. Kg1 Bxd6 57. Qd4+ Bf4 58. Kf2 d1Q 59. Rxd1 Bxd1 60. Qxd1+ Kf5 61. Kf3 Be5 62. Qd5 g5 63. Qd7+ Kf6 64. Ke4 Bf4 65. Qf5+ Ke7 66. Kd5 Kd8 67. Qf7 1-0

[Event "Australian op"]
[Site "Brisbane"]
[Date "2017.01.02"]
[Round "1"]
[White "Parle, Hughston"]
[Black "McLean, Matthew"]
[Result "1-0"]
[WhiteElo "1920"]
[BlackElo "1294"]
[PlyCount "57"]
[EventDate "2017.01.02"]
[EventType "swiss"]
[EventRounds "11"]
[EventCountry "AUS"]
[SourceTitle "CBM 176 Extra"]
[Source "ChessBase"]
[SourceDate "2017.03.02"]
[SourceVersion "1"]
[SourceVersionDate "2017.03.02"]
[SourceQuality "1"]

1. e4 e5 2. Nf3 Nc6 3. d4 exd4 4. Bc4 Bb4+ 5. c3 dxc3 6. 0-0 d6 7. a3 Bc5 8. b4 Bb6 9. Qb3 Qd7 10. Nxc3 h6 11. Nd5 Nd4 12. Nxd4 Bxd4 13. Bb2 Bf6 14. Rad1 c6 15. Nxf6+ Nxf6 16. e5 Nd5 17. Bxd5 cxd5 18. Rxd5 Qg4 19. Rd4 Qg5 20. exd6 Be6 21. d7+ Ke7 22. Re1 Rhd8 23. Qf3 Rab8 24. h4 Qf6 25. Rf4 Qxb2 26. Rxf7+ Kd6 27. Rxe6+ Kc7 28. Qf4+ Qe5 29. Qxe5# 1-0

[Event "Adelaide Lidums YM"]
[Site "Adelaide"]
[Date "2016.12.09"]
[Round "9"]
[White "Lee, Aaron James"]
[Black "Parle, Hughston"]
[Result "0-1"]
[WhiteElo "1792"]
[BlackElo "1906"]
[PlyCount "92"]
[EventDate "2016.12.05"]
[EventType "tourn"]
[EventRounds "9"]
[EventCountry "AUS"]
[SourceTitle "CBM 176 Extra"]
[Source "ChessBase"]
[SourceDate "2017.03.02"]
[SourceVersion "1"]
[SourceVersionDate "2017.03.02"]
[SourceQuality "1"]

1. e4 c5 2. Nf3 d6 3. d4 cxd4 4. Nxd4 Nf6 5. Nc3 a6 6. Bc4 e5 7. Nf3 Be7 8. Bg5 Nbd7 9. a4 b6 10. 0-0 0-0 11. Qe2 Bb7 12. Rfd1 Qc7 13. Rd2 h6 14. Bh4 Rfc8 15. Ba2 g5 16. Bxg5 hxg5 17. Nxg5 d5 18. exd5 Bd6 19. Rad1 Nf8 20. Nce4 Nxe4 21. Qxe4 Qe7 22. Rd3 Ng6 23. Rg3 Kf8 24. Ne6+ Qxe6 25. dxe6 Bxe4 26. Rxd6 Rxc2 27. h4 Rxb2 28. Bb3 fxe6 29. Rxe6 b5 30. Kh2 Rxb3 31. Rxb3 Bd5 32. Rxg6 Bxb3 33. axb5 axb5 34. h5 Kf7 35. Rb6 Bc4 36. g4 Be2 37. f3 Ra3 38. g5 Rxf3 39. Rb7+ Ke6 40. h6 Bd3 41. h7 Rf8 42. Rb6+ Kd5 43. g6 Rh8 44. Kg3 Bxg6 45. Rxb5+ Ke4 46. Rb4+ Kf5 0-1

[Event "Adelaide Lidums YM"]
[Site "Adelaide"]
[Date "2016.12.08"]
[Round "8"]
[White "Parle, Hughston"]
[Black "Herrmann, Oscar"]
[Result "1-0"]
[WhiteElo "1906"]
[BlackElo "1758"]
[PlyCount "65"]
[EventDate "2016.12.05"]
[EventType "tourn"]
[EventRounds "9"]
[EventCountry "AUS"]
[SourceTitle "CBM 176 Extra"]
[Source "ChessBase"]
[SourceDate "2017.03.02"]
[SourceVersion "1"]
[SourceVersionDate "2017.03.02"]
[SourceQuality "1"]

1. Nf3 Nf6 2. g3 d5 3. Bg2 c6 4. d3 Bg4 5. 0-0 e6 6. Nbd2 Be7 7. b3 0-0 8. h3 Bxf3 9. Nxf3 Nbd7 10. Bb2 a5 11. c4 Qb6 12. Qc2 a4 13. e4 Rfd8 14. e5 Nh5 15. Rfb1 axb3 16. axb3 g6 17. Bc1 Ng7 18. Be3 Qc7 19. d4 Rxa1 20. Rxa1 dxc4 21. bxc4 c5 22. g4 cxd4 23. Bxd4 Rc8 24. Ra7 Bc5 25. Bxc5 Nxc5 26. Qb2 Qd8 27. Nd4 b6 28. Nc6 Qd1+ 29. Kh2 Rf8 30. Qxb6 Nd3 31. Rd7 Qc2 32. Rd8 Qxc4 33. Ne7+ 1-0

[Event "Adelaide Lidums YM"]
[Site "Adelaide"]
[Date "2016.12.06"]
[Round "4"]
[White "Parle, Hughston"]
[Black "Tsai, Charles"]
[Result "1/2-1/2"]
[WhiteElo "1906"]
[BlackElo "1918"]
[PlyCount "44"]
[EventDate "2016.12.05"]
[EventType "tourn"]
[EventRounds "9"]
[EventCountry "AUS"]
[SourceTitle "CBM 176 Extra"]
[Source "ChessBase"]
[SourceDate "2017.03.02"]
[SourceVersion "1"]
[SourceVersionDate "2017.03.02"]
[SourceQuality "1"]

1. e4 e6 2. d4 d5 3. exd5 exd5 4. Bd3 Bd6 5. Ne2 Nf6 6. Bf4 c6 7. Nd2 0-0 8. Bxd6 Qxd6 9. c3 Re8 10. Qc2 b5 11. f3 a5 12. 0-0 Na6 13. Ng3 Nc7 14. a3 Ne6 15. Nf5 Qf8 16. g3 Bd7 17. b4 g6 18. Nh4 Ng5 19. Ng2 a4 20. h4 Ne6 21. Rfe1 Qd6 22. Nf1 Ng7 1/2-1/2